00820cam a22003494i 4500003000900000005001700009008004100026035001900067040003300086082002100119100002100140245002600161264002900187300002800216336002100244337002500265338002300290490003100313505002400344526000900368526000900377526000900386526000900395526000900404526000900413526000800422526000800430526000800438526000800446526000800454526000800462PE-LiUPU20250731184555.0150625s r 000 0 d a(Sirsi) a38182 aPE-LiUPUbspacPE-LiUPUerda04a902.029bB172211 aPolibio,eautor.10aHistorias /cPolibio. 1aMadrid :bGredos,c1983. a524 páginas ;c20 cm. atext2rdacontent aunmediated2rdamedia avolume2rdacarrier0 aBiblioteca clásica ;v580 aLibros XVI - XXXIX. aP136 aP135 aP134 aP133 aP144 aP143 aP87 aP35 aP20 aP14 aP10 aP06